000 01223nam a22002297a 4500
999 _c60478
_d60478
003 Ge_BSU
005 20230728160903.0
008 230728s2010ge xxu||||| |||| 00| 0 geo d
020 _a9789941416217
041 _ageo
080 _a81 მ-44
100 _aმახარობლიძე, თამარ, ავტორი.
_919561
245 _aლინგვისტური წერილები.
_bწ. 2 /
_c თამარ მახარობლიძე; რედ. ა. არაბული
264 _aთბილისი :
_bნეკერი,
_c2010.
300 _a183 გვ.
_b20 სმ.
504 _aბიბლიოგრ. წერილების ბოლოს.
546 _aწერილების ნაწ. ინგლ. და რუს.
653 _aბასკური ენა -- ლინგვისტიკა. ბასკური ენა -- ტიპოლოგია
700 _aარაბული,ა
_eრედაქტორი
_919565
710 _aსაქ. საპატრიარქოს წმ. ანდრია პირველწოდებულის სახ. ქართ. უნ-ტი.
_918873
942 _2udc
_cBK